000 00240nam a22001097a 4500
003 OSt
008 211204b ||||| |||| 00| 0 eng d
082 _a632
_bJOS/SA
100 _aJoseph , k k
_95132
245 _aSasyasamrakshanam
942 _cBK
999 _c17471
_d17471